| 000 | 00609nam a2200205 a 4500 | ||
|---|---|---|---|
| 001 | 274 | ||
| 003 | CDMR | ||
| 005 | 20130610120117.0 | ||
| 008 | 130130s1983||||||||||||||||||||||||||||d | ||
| 020 | _a8485704460 | ||
| 040 |
_aCDMR _bcat _cCDMR |
||
| 100 | 1 |
_aPujols, Francesc _9187 |
|
| 245 | 1 | 0 |
_aArticles _cFrancesc Pujols ; selecció i edició d'Enric Cassany |
| 260 |
_aBarcelona _c1983 _bQuaderns Crema |
||
| 300 |
_a279p ; _c22 cm |
||
| 600 | 1 |
_9187 _aPujols, Francesc _vRecull d'escrits |
|
| 650 | 0 | 4 |
_aPeriodistes catalans _93727 _vRecull d'escrits |
| 700 | 1 |
_aCassany, Enric _eed. lit. _9188 |
|
| 942 |
_cMON _2udc |
||
| 999 |
_c274 _d274 |
||